[Event "POL-chT U20 1st League"]
[Site "Chotowa"]
[Date "2025.06.20"]
[Round "7.10"]
[White "Czech, Franciszek"]
[Black "Buszka, Pawel"]
[Result "1-0"]
[WhiteElo "1791"]
[BlackElo "1656"]
[PlyCount "69"]
[EventDate "2025.06.14"]
[EventType "team-swiss"]
[EventRounds "9"]
[EventCountry "POL"]
[SourceTitle "CB26_2025"]
[SourceDate "2025.06.25"]
[SourceVersion "1"]
[SourceVersionDate "2025.06.25"]
[SourceQuality "1"]
[WhiteTeam "Czternastka Warszawa II"]
[BlackTeam "Wodzisław Slaski"]
[WhiteTeamCountry "POL"]
[BlackTeamCountry "POL"]

1. e4 e5 2. Nf3 Nc6 3. Bb5 a6 4. Ba4 Bc5 5. c3 b5 6. Bc2 Ba7 7. d4 exd4 8. cxd4 d5 9. e5 Bg4 10. Be3 Bxf3 11. gxf3 Qh4 12. f4 Nge7 13. Nc3 Nxd4 14. Bxd4 c5 15. Be3 d4 16. Qf3 Rb8 17. Ne4 dxe3 18. 0-0-0 exf2 19. Nd6+ Kf8 20. f5 f6 21. e6 g6 22. Nf7 Rg8 23. Rhf1 c4 24. Rd7 Bc5 25. fxg6 hxg6 26. Kb1 b4 27. Ne5 b3 28. axb3 cxb3 29. Bd3 Kg7 30. Nxg6 Qa4 31. Nxe7 Qa2+ 32. Kc1 Qa1+ 33. Bb1 Rgd8 34. Nf5+ Kf8 35. Rf7+ 1-0

[Event "Warsaw Maciei Memorial Blitz"]
[Site "Warsaw"]
[Date "2024.07.08"]
[Round "4"]
[White "Czech, Franciszek"]
[Black "Klim, Filip"]
[Result "0-1"]
[WhiteElo "1825"]
[BlackElo "2000"]
[PlyCount "136"]
[EventDate "2024.07.08"]
[EventType "swiss (blitz)"]
[EventRounds "11"]
[EventCountry "POL"]
[SourceTitle "CBM 221 Extra"]
[Source "ChessBase"]
[SourceDate "2024.09.30"]
[SourceVersion "1"]
[SourceVersionDate "2024.09.30"]
[SourceQuality "1"]

1. e4 c5 2. Nf3 d6 3. Bb5+ Nd7 4. 0-0 a6 5. Be2 Ngf6 6. Nc3 b5 7. d3 b4 8. Nb1 Bb7 9. Nbd2 e6 10. c3 a5 11. c4 Be7 12. Re1 0-0 13. Nf1 d5 14. e5 Ne8 15. Bf4 h6 16. Qd2 Nc7 17. h3 a4 18. N1h2 Nb6 19. Rac1 dxc4 20. dxc4 Qxd2 21. Nxd2 Rfd8 22. Bf3 Bxf3 23. Nhxf3 g5 24. Bg3 Rd3 25. Ne4 Rad8 26. Nd6 Bxd6 27. exd6 Ne8 28. Red1 Rxd1+ 29. Rxd1 f6 30. b3 axb3 31. axb3 Kf7 32. h4 g4 33. Ne1 e5 34. Nc2 Rxd6 35. Rxd6 Nxd6 36. Ne3 h5 37. f3 gxf3 38. gxf3 Ke6 39. Kf2 f5 40. Bh2 Nb7 41. Nc2 Na5 42. Na1 f4 43. Ke2 Kf5 44. Bg1 Nd7 45. Kd2 e4 46. fxe4+ Kxe4 47. Ke2 Nc6 48. Nc2 Na5 49. Na1 Kf5 50. Kf3 Ne5+ 51. Kg2 Nd3 52. Kf3 Ne5+ 53. Kg2 Nb7 54. Nc2 Kg4 55. Bf2 Nd3 56. Ne1 Nxf2 57. Kxf2 Kxh4 58. Kf3 Kg5 59. Ng2 Nd6 60. Nxf4 Nf5 61. Nh3+ Kf6 62. Ke4 Nd4 63. Nf4 h4 64. Nd5+ Kg5 65. Nf4 Nxb3 66. Ne6+ Kg4 67. Nf4 h3 68. Nxh3 Kxh3 0-1

[Event "Warsaw Maciei Memorial Blitz"]
[Site "Warsaw"]
[Date "2024.07.08"]
[Round "9"]
[White "Lecki, Leonard"]
[Black "Czech, Franciszek"]
[Result "1-0"]
[WhiteElo "2026"]
[BlackElo "1825"]
[PlyCount "67"]
[EventDate "2024.07.08"]
[EventType "swiss (blitz)"]
[EventRounds "11"]
[EventCountry "POL"]
[SourceTitle "CBM 221 Extra"]
[Source "ChessBase"]
[SourceDate "2024.09.30"]
[SourceVersion "1"]
[SourceVersionDate "2024.09.30"]
[SourceQuality "1"]

1. e4 c5 2. Nf3 e6 3. d4 cxd4 4. Nxd4 Nc6 5. Nc3 Qc7 6. Ndb5 Qb8 7. Be3 a6 8. Bb6 axb5 9. Nxb5 Bb4+ 10. c3 Ba5 11. Nc7+ Qxc7 12. Bxc7 Bxc7 13. Bd3 Nf6 14. 0-0 0-0 15. a4 d5 16. Re1 Rd8 17. Qc2 dxe4 18. Bxe4 Nxe4 19. Qxe4 Ra5 20. Red1 Rad5 21. Qc2 Ne7 22. b4 b6 23. h3 Bb7 24. Rxd5 Nxd5 25. Rd1 Ra8 26. g3 Be5 27. Rd3 Rc8 28. a5 Nxb4 29. cxb4 h6 30. Qxc8+ Bxc8 31. Rd8+ Kh7 32. Rxc8 bxa5 33. bxa5 Bc3 34. Rxc3 1-0

[Event "POL-ch U10"]
[Site "Sielpia"]
[Date "2023.03.11"]
[Round "9"]
[White "Bury, Marcel"]
[Black "Czech, Franciszek"]
[Result "1-0"]
[WhiteElo "1292"]
[BlackElo "1122"]
[PlyCount "75"]
[EventDate "2023.03.04"]
[EventType "swiss"]
[EventRounds "9"]
[EventCountry "POL"]
[SourceTitle "EXT 2024"]
[Source "ChessBase"]
[SourceDate "2023.10.10"]
[SourceVersion "1"]
[SourceVersionDate "2023.10.10"]
[SourceQuality "1"]
[WhiteTeam "Poland"]
[BlackTeam "Poland"]
[WhiteTeamCountry "POL"]
[BlackTeamCountry "POL"]

1. e4 c5 2. Nf3 g6 3. d4 cxd4 4. Qxd4 Nf6 5. Nc3 Nc6 6. Qa4 d6 7. e5 dxe5 8. Nxe5 Bg7 9. Bb5 0-0 10. Nxc6 bxc6 11. Bxc6 Rb8 12. 0-0 Qc7 13. Re1 Ng4 14. Bf4 e5 15. Nd5 Qd6 16. Rad1 Qc5 17. Be3 Nxe3 18. Nxe3 Rxb2 19. Bd5 Rb8 20. Bb3 h5 21. Rd5 Qc7 22. Red1 Bh6 23. Qe4 Bg7 24. Rd6 Kh8 25. Qh4 Rb6 26. Rd8 Bb7 27. R1d7 Qc3 28. Rxf8+ Bxf8 29. Rxf7 Bg7 30. Qd8+ Kh7 31. Rc7 Qe1+ 32. Nf1 Rxb3 33. axb3 Ba6 34. c4 e4 35. Qf6 Kh6 36. Qxg7+ Kg5 37. Qe5+ Kh6 38. Qf4+ 1-0